British High Street Shops - Statistics

General Stats
  • This quiz has been taken 784 times
  • The average score is 13 of 15
Answer Stats
Hint Answer % Correct
Marks and _______ Spencer
99%
WH _____ Smith
96%
River ______ Island
94%
Costa ______ Coffee
92%
Spec______ Savers
92%
___ Look New
91%
Carphone _________ Warehouse
91%
Sports______.com Direct
90%
Dorothy _______ Perkins
88%
House of ______ Fraser
84%
Holland & _______ Barrett
83%
TK ____ Maxx
82%
_______ Home Stores British
78%
_____ Ashley Laura
74%
_____ Chocolat Hotel
68%
No matching quizzes found
Score Distribution
Percent of People with Each Score
Percentile by Number Answered
Your Score History
You have not taken this quiz